Statistics for The Beach Boys Quiz

Click here to take the quiz!

General Stats

  • This quiz has been taken 93 times
  • The average score is 14 of 25

Answer Stats

QuestionAnswer% Correct
Genius musician, notable song includes Caroline NoBrian Wilson
100%
Brother of the above, drummer that died at 39Dennis Wilson
97%
Cousin of the brothers, singer and songwriterMike Love
93%
Youngest of the brothers, guitarist and singerCarl Wilson
92%
The only non-family member of the group, guitaristAl Jardine
89%
What was their critically acclaimed but poor selling album?Pet Sounds
87%
Beat selling songGood Vibrations
84%
Rock and Roll legend Chuck Berry sued them over what song?Surfin' USA
75%
What Beach Boys song is Paul McCartney's favourite song?God Only Knows
73%
Notorious figure that briefly friended one of the membersCharles Manson
71%
Famous Beatles album inspired by the album aboveSgt. Pepper's Lonely Hearts Club Band
69%
Girl who needs to help him get her out of his mindRhonda
61%
Who did they wish all could be?California Girls
59%
Famous Full House actor joined the band in the 80sJohn Stamos
55%
2014 film starring Paul Dano and John Cusack as lead singer, songwriterLove and Mercy
53%
"A diamond necklace played the pawn" songSurf's Up
47%
Instrumental song on Pet Sounds Album (other than title track)Lets Go Away for A While
43%
Album with the opener Meant for YouFriends
37%
What is the original name of the band?The Pendletones
32%
Who is the healer?Anna Lee
31%
Album closed by Auld Lang SyneThe Beach Boys' Christmas Album
29%
Altered perspective cover song on Summer Days (And Summer Nights) originally made by The CrystalsThen I Kissed Her
29%
Where did they form?Hawthorne, California
23%
Album planned to be released, but instead salvaged to form Smiley SmileThe Smile Sessions
11%
First albumSurfer Safari
7%

Score Distribution

Percentile by Number Answered

Percent of People with Each Score

Your Score History

You have not taken this quiz